Most Viewed Athletes on Wikipedia - Statistics

General Stats
  • This quiz has been taken 1,701 times
  • The average score is 17 of 34
Answer Stats
Views Sport Athlete % Correct
92 m Basketball Michael Jordan
95%
112 m Football Cristiano Ronaldo
94%
92 m Football Lionel Messi
94%
80 m Basketball LeBron James
91%
69 m Boxing Muhammad Ali
84%
40 m Golf Tiger Woods
82%
80 m Basketball Kobe Bryant
80%
56 m Tennis Roger Federer
80%
59 m American Football Tom Brady
79%
43 m Tennis Rafael Nadal
73%
37 m Swimming Michael Phelps
71%
36 m Tennis Novak Djokovic
65%
52 m Boxing Mike Tyson
64%
38 m Tennis Serena Williams
64%
38 m Football Neymar
62%
35 m Basketball Stephen Curry
60%
68 m Wrestling John Cena
57%
43 m Mixed Martial Arts Conor McGregor
51%
47 m Basketball Shaquille O'Neal
44%
44 m Football David Beckham
38%
35 m American Football Peyton Manning
35%
57 m Wrestling The Undertaker
32%
31 m Wrestling Hulk Hogan
28%
31 m Football Wayne Rooney
21%
39 m Football Zlatan Ibrahimovic
20%
31 m Decathlon Caitlyn Jenner
18%
37 m Boxing Manny Pacquiao
18%
53 m American Football O. J. Simpson
14%
38 m Wrestling Triple H
12%
36 m Cricket Virat Kohli
12%
43 m Wresling Brock Lesnar
10%
35 m Cricket Sachin Tendulkar
8%
32 m Wrestling Ronda Rousey
4%
32 m American Football Michael Oher
1%
No matching quizzes found
Score Distribution
Percent of People with Each Score
Percentile by Number Answered
Your Score History
You have not taken this quiz